[Event "SCCA Ch 2001-2"]
[Site "?"]
[Date "2001.??.??"]
[Round "?"]
[White "Milligan, Bernard"]
[Black "Sneddon, Iain"]
[Result "1-0"]
[WhiteElo "2406"]
[BlackElo "2234"]
[PlyCount "25"]
[EventDate "2001.??.??"]

1. d4 Nf6 2. c4 c5 3. d5 b5 4. cxb5 a6 5. b6 e6 6. Nc3 Nxd5 7. Nxd5 exd5 8.
Qxd5 Nc6 9. Nf3 Rb8 10. Bd2 Qxb6 11. Ne5 Nxe5 12. Qxe5+ Be7 13. Bc3 1-0

[Event "SCCA Ch 2001-2"]
[Site "?"]
[Date "2001.??.??"]
[Round "?"]
[White "Sneddon, Iain"]
[Black "Brown, Alan C"]
[Result "0-1"]
[WhiteElo "2234"]
[BlackElo "2271"]
[PlyCount "26"]
[EventDate "2001.??.??"]

1. e4 c6 2. d4 d5 3. Nc3 dxe4 4. Nxe4 Nd7 5. Bc4 Ngf6 6. Ng5 e6 7. Qe2 Nb6 8.
Bd3 Qxd4 9. N1f3 Bb4+ 10. c3 Bxc3+ 11. Kf1 Qb4 12. bxc3 Qxc3 13. Bb2 Qa5 0-1

[Event "SCCA Ch 2001-2"]
[Site "?"]
[Date "2001.??.??"]
[Round "?"]
[White "Cumming, David R"]
[Black "Sneddon, Iain"]
[Result "1-0"]
[WhiteElo "2123"]
[BlackElo "2234"]
[PlyCount "31"]
[EventDate "2001.??.??"]

1. d4 Nf6 2. c4 c5 3. d5 b5 4. cxb5 a6 5. b6 e6 6. Nc3 Nxd5 7. Nxd5 exd5 8.
Qxd5 Nc6 9. Nf3 Qxb6 10. Ne5 Nxe5 11. Qxa8 Qc7 12. Bf4 Bd6 13. O-O-O Nd3+ 14.
Rxd3 Bxf4+ 15. e3 O-O 16. Qf3 1-0

[Event "SCCA Ch 2001-2"]
[Site "?"]
[Date "2001.??.??"]
[Round "?"]
[White "Reeman, Ian F"]
[Black "Sneddon, Iain"]
[Result "1-0"]
[WhiteElo "2204"]
[BlackElo "2234"]
[PlyCount "23"]
[EventDate "2001.??.??"]

1. e4 e5 2. f4 exf4 3. Bc4 Nf6 4. Nc3 c6 5. Bb3 d5 6. exd5 cxd5 7. d4 Bd6 8.
Nge2 O-O 9. Bxf4 Bxf4 10. Nxf4 Re8+ 11. Nfe2 Ng4 12. Nxd5 1-0

[Event "SCCA Ch 2001-2"]
[Site "?"]
[Date "2001.??.??"]
[Round "?"]
[White "Cumming, David R"]
[Black "Reeman, Ian F"]
[Result "0-1"]
[WhiteElo "2123"]
[BlackElo "2204"]
[PlyCount "42"]
[EventDate "2001.??.??"]

1. d4 Nf6 2. c4 e6 3. Nc3 Bb4 4. Qc2 d5 5. a3 Bxc3+ 6. Qxc3 Ne4 7. Qc2 c5 8.
dxc5 Nc6 9. cxd5 exd5 10. Nf3 Bf5 11. b4 O-O 12. Bb2 a5 13. Qb3 b6 14. b5 Nxc5
15. Qc3 d4 16. Nxd4 Nxd4 17. Qxd4 Qxd4 18. Bxd4 Nb3 19. Rd1 Bc2 20. Bxb6 Bxd1
21. Kxd1 Rab8 0-1

[Event "SCCA Ch 2001-2"]
[Site "?"]
[Date "2001.??.??"]
[Round "?"]
[White "Sneddon, Iain"]
[Black "May, Mark A"]
[Result "0-1"]
[WhiteElo "2234"]
[BlackElo "2160"]
[PlyCount "22"]
[EventDate "2001.??.??"]

1. e4 c5 2. Nf3 e6 3. d4 cxd4 4. Nxd4 Qb6 5. Nb3 Qc7 6. Bd3 Nf6 7. O-O d5 8.
exd5 Nxd5 9. c4 Nb4 10. Nc3 Bd6 11. g3 Be5 0-1

[Event "SCCA Ch 2001-2"]
[Site "?"]
[Date "2001.??.??"]
[Round "?"]
[White "Milligan, Bernard"]
[Black "Armstrong, Alan"]
[Result "1-0"]
[WhiteElo "2406"]
[BlackElo "2083"]
[PlyCount "29"]
[EventDate "2001.??.??"]

1. d4 e6 2. c4 Nf6 3. Nf3 b6 4. g3 Bb7 5. Bg2 c5 6. d5 exd5 7. Nh4 Qc7 8. cxd5
g6 9. Nc3 d6 10. Qa4+ Nbd7 11. Bg5 Bg7 12. Nb5 Qb8 13. Bf4 Bf8 14. O-O h6 15.
Bd2 1-0

[Event "SCCA Ch 2001-2"]
[Site "?"]
[Date "2001.??.??"]
[Round "?"]
[White "Armstrong, Alan"]
[Black "Cumming, David R"]
[Result "0-1"]
[WhiteElo "2083"]
[BlackElo "2123"]
[PlyCount "32"]
[EventDate "2001.??.??"]

1. d4 Nf6 2. Nc3 g6 3. e4 d6 4. Bg5 Bg7 5. Nf3 c6 6. Qd2 O-O 7. Bh6 Bg4 8. Be2
Bxf3 9. Bxf3 e5 10. Bxg7 Kxg7 11. O-O-O Nbd7 12. h4 h5 13. dxe5 dxe5 14. Qe2 b5
15. g4 b4 16. Nb1 hxg4 0-1

[Event "SCCA Ch 2001-2"]
[Site "?"]
[Date "2001.??.??"]
[Round "?"]
[White "Sneddon, Iain"]
[Black "Beecham, C Richard"]
[Result "0-1"]
[WhiteElo "2235"]
[BlackElo "2115"]
[PlyCount "30"]
[EventDate "2001.??.??"]

1. e4 e6 2. d4 d5 3. Nc3 Bb4 4. e5 c5 5. a3 Bxc3+ 6. bxc3 Qc7 7. Qg4 f5 8. Qg3
cxd4 9. cxd4 Ne7 10. Bd2 O-O 11. Bd3 b6 12. Ne2 Ba6 13. Nf4 Qd7 14. h4 Bxd3 15.
Qxd3 Rc8 0-1

[Event "SCCA Ch 2001-2"]
[Site "?"]
[Date "2001.??.??"]
[Round "?"]
[White "Beecham, C Richard"]
[Black "Armstrong, Alan"]
[Result "1-0"]
[WhiteElo "2115"]
[BlackElo "2083"]
[PlyCount "29"]
[EventDate "2001.??.??"]

1. d4 e6 2. Nf3 Nf6 3. c4 d5 4. Nc3 c6 5. e3 Bb4 6. Bd3 Nbd7 7. O-O dxc4 8.
Bxc4 O-O 9. Qc2 Qe7 10. a3 Bd6 11. Ba2 e5 12. h3 exd4 13. exd4 Nb6 14. Bg5 h6
15. Rae1 1-0

[Event "SCCA Ch 2001-2"]
[Site "?"]
[Date "2001.??.??"]
[Round "?"]
[White "Armstrong, Alan"]
[Black "Reeman, Ian F"]
[Result "0-1"]
[WhiteElo "2083"]
[BlackElo "2204"]
[PlyCount "34"]
[EventDate "2001.??.??"]

1. d4 Nf6 2. Nc3 d5 3. e4 dxe4 4. f3 exf3 5. Nxf3 Bg4 6. h3 Bh5 7. g4 Bg6 8.
Ne5 e6 9. Qf3 c6 10. g5 Nh5 11. Be3 Bb4 12. O-O-O Bxc3 13. bxc3 Qd5 14. Qxd5
cxd5 15. Bb5+ Ke7 16. Kb1 Ng3 17. Rh2 Ne4 0-1

[Event "SCCA Ch 2001-2"]
[Site "?"]
[Date "2001.??.??"]
[Round "?"]
[White "Armstrong, Alan"]
[Black "Brown, Alan C"]
[Result "0-1"]
[WhiteElo "2083"]
[BlackElo "2271"]
[PlyCount "28"]
[EventDate "2001.??.??"]

1. d4 Nf6 2. Nc3 d5 3. e4 dxe4 4. f3 exf3 5. Nxf3 Bg4 6. h3 Bxf3 7. Qxf3 c6 8.
Qf2 Nbd7 9. Bd3 Qb6 10. O-O O-O-O 11. b3 e6 12. Be3 Bb4 13. Na4 Qc7 14. d5 Nxd5
0-1

[Event "SCCA Ch 2001-2"]
[Site "?"]
[Date "2001.??.??"]
[Round "?"]
[White "May, Mark A"]
[Black "Armstrong, Alan"]
[Result "1-0"]
[WhiteElo "2160"]
[BlackElo "2083"]
[PlyCount "31"]
[EventDate "2001.??.??"]

1. e4 e6 2. d4 d5 3. Nc3 Bb4 4. e5 c5 5. a3 Bxc3+ 6. bxc3 Qc7 7. Qg4 Ne7 8.
Qxg7 Rg8 9. Qxh7 cxd4 10. Ne2 dxc3 11. f4 b6 12. Nd4 a6 13. Qh3 Bb7 14. Rb1 Qc5
15. Be3 Qxa3 16. Be2 1-0

[Event "SCCA Ch 2001-2"]
[Site "?"]
[Date "2001.??.??"]
[Round "?"]
[White "Mackintosh, Iain"]
[Black "Sneddon, Iain"]
[Result "1-0"]
[WhiteElo "2304"]
[BlackElo "2234"]
[PlyCount "21"]
[EventDate "2001.??.??"]

1. e4 e5 2. f4 exf4 3. Nf3 Ne7 4. d4 d5 5. Nc3 dxe4 6. Nxe4 Nd5 7. Bc4 Be7 8.
O-O c6 9. Bxf4 Nxf4 10. Ne5 Ne2+ 11. Bxe2 1-0

[Event "SCCA Ch 2001-2"]
[Site "?"]
[Date "2001.??.??"]
[Round "?"]
[White "Armstrong, Alan"]
[Black "Mackintosh, Iain"]
[Result "0-1"]
[WhiteElo "2083"]
[BlackElo "2304"]
[PlyCount "30"]
[EventDate "2001.??.??"]

1. d4 Nf6 2. Nc3 d5 3. e4 dxe4 4. f3 exf3 5. Nxf3 Bg4 6. h3 Bh5 7. g4 Bg6 8.
Ne5 e6 9. Bg2 c6 10. Bg5 Bb4 11. Qd2 Nbd7 12. Nxd7 Qxd7 13. Bxf6 gxf6 14. O-O-O
O-O-O 15. Rhf1 f5 0-1

[Event "SCCA Ch 2001-2"]
[Site "?"]
[Date "2001.??.??"]
[Round "?"]
[White "Kilgour, David A"]
[Black "Armstrong, Alan"]
[Result "1-0"]
[WhiteElo "2509"]
[BlackElo "2083"]
[PlyCount "29"]
[EventDate "2001.??.??"]

1. d4 e6 2. Nf3 Nf6 3. Bf4 d5 4. e3 Nbd7 5. Nbd2 c5 6. h3 Be7 7. c3 Qb6 8. Qc2
h6 9. g4 cxd4 10. exd4 Qc6 11. a4 a6 12. Bd3 b6 13. O-O Bb7 14. Rfe1 Rc8 15.
Nf1 1-0

[Event "SCCA Ch 2001-2"]
[Site "?"]
[Date "2001.??.??"]
[Round "?"]
[White "Sneddon, Iain"]
[Black "Kilgour, David A"]
[Result "0-1"]
[WhiteElo "2234"]
[BlackElo "2509"]
[PlyCount "26"]
[EventDate "2001.??.??"]

1. e4 c5 2. Nf3 e6 3. d4 cxd4 4. Nxd4 a6 5. Bd3 Ne7 6. O-O Nbc6 7. Nb3 d5 8.
Nc3 d4 9. Ne2 e5 10. f4 Ng6 11. f5 Nge7 12. Bg5 Qb6 13. Ng3 f6 0-1

[Event "SCCA Ch 2001-2"]
[Site "?"]
[Date "2001.??.??"]
[Round "?"]
[White "Sneddon, Iain"]
[Black "Jessing, Michael"]
[Result "0-1"]
[WhiteElo "2234"]
[BlackElo "2035"]
[PlyCount "20"]
[EventDate "2001.??.??"]

1. e4 c5 2. Nf3 d6 3. d4 cxd4 4. Nxd4 Nf6 5. Nc3 e6 6. g4 h6 7. h4 Be7 8. Qf3
h5 9. gxh5 Nxh5 10. Bg5 Nc6 0-1

[Event "SCCA Ch 2001-2"]
[Site "?"]
[Date "2001.??.??"]
[Round "?"]
[White "Jessing, Michael"]
[Black "Armstrong, Alan"]
[Result "1-0"]
[WhiteElo "2035"]
[BlackElo "2083"]
[PlyCount "27"]
[EventDate "2001.??.??"]

1. d4 e6 2. c4 Nf6 3. g3 d5 4. Bg2 dxc4 5. Nf3 c6 6. Ne5 Bb4+ 7. Bd2 Qxd4 8.
Bxb4 Qxe5 9. Na3 b5 10. Bc3 Qc5 11. Bd4 Qb4+ 12. Bc3 Qe7 13. Bxf6 gxf6 14. Nxb5
1-0

[Event "SCCA Ch 2001-2"]
[Site "?"]
[Date "2001.??.??"]
[Round "?"]
[White "Cumming, David R"]
[Black "Beecham, C Richard"]
[Result "0-1"]
[WhiteElo "2123"]
[BlackElo "2115"]
[PlyCount "72"]
[EventDate "2001.??.??"]

1. d4 Nf6 2. c4 g6 3. Nc3 d5 4. cxd5 Nxd5 5. e4 Nxc3 6. bxc3 Bg7 7. Bc4 O-O 8.
Ne2 Qd7 9. O-O b5 10. Bd3 c5 11. Be3 c4 12. Bc2 Na6 13. Rb1 Nc7 14. Qd2 Re8 15.
Bh6 Bh8 16. f4 f5 17. exf5 gxf5 18. Qe3 Qe6 19. Qxe6+ Bxe6 20. a4 Nd5 21. Rf3
bxa4 22. Bxa4 Reb8 23. Rxb8+ Rxb8 24. Bg5 Bg7 25. Rg3 Kf7 26. Bc6 Rb6 27. Bxd5
Bxd5 28. Kf2 Re6 29. Bh4 h6 30. Ke1 a5 31. Kd2 a4 32. Nc1 a3 33. Na2 Rb6 34.
Kc1 Bf8 35. Nb4 e6 36. Bd8 Rxb4 0-1

[Event "SCCA Ch 2001-2"]
[Site "?"]
[Date "2001.??.??"]
[Round "?"]
[White "Cumming, David R"]
[Black "Mackintosh, Iain"]
[Result "0-1"]
[WhiteElo "2123"]
[BlackElo "2304"]
[PlyCount "50"]
[EventDate "2001.??.??"]

1. d4 Nf6 2. c4 e6 3. Nc3 Bb4 4. Qc2 c5 5. dxc5 Bxc5 6. Nf3 Qb6 7. e3 Qc7 8.
Bd2 Nc6 9. a3 O-O 10. Bd3 a6 11. O-O d6 12. Na4 Ba7 13. b4 Bd7 14. Rac1 Ne5 15.
Nxe5 dxe5 16. Nb2 Bc6 17. f3 e4 18. fxe4 Ng4 19. g3 Nxe3 20. Bxe3 Bxe3+ 21. Kh1
Bxc1 22. Rxc1 Qe5 23. c5 f5 24. Nc4 Qd4 25. Nd6 fxe4 0-1

[Event "SCCA Ch 2001-2"]
[Site "?"]
[Date "2001.??.??"]
[Round "?"]
[White "Jessing, Michael"]
[Black "Cumming, David R"]
[Result "1/2-1/2"]
[WhiteElo "2035"]
[BlackElo "2123"]
[PlyCount "56"]
[EventDate "2001.??.??"]

1. d4 Nf6 2. c4 g6 3. Nc3 d5 4. Nf3 Bg7 5. Bg5 Ne4 6. cxd5 Nxg5 7. Nxg5 e6 8.
Qd2 exd5 9. Qe3+ Kf8 10. Qf4 Qf6 11. Qxf6 Bxf6 12. Nf3 c6 13. e3 Bf5 14. Be2 a5
15. O-O Nd7 16. Ne1 h5 17. Bd3 Bxd3 18. Nxd3 Kg7 19. Rac1 a4 20. Rfd1 Be7 21.
a3 Nb6 22. Nb1 h4 23. Nd2 h3 24. g3 Nc8 25. Rc2 Nd6 26. Nc5 Rhe8 27. Rdc1 Bd8
28. Nd3 Bg5 1/2-1/2

[Event "SCCA Ch 2001-2"]
[Site "?"]
[Date "2001.??.??"]
[Round "?"]
[White "Mackintosh, Iain"]
[Black "Beecham, C Richard"]
[Result "0-1"]
[WhiteElo "2304"]
[BlackElo "2115"]
[PlyCount "68"]
[EventDate "2001.??.??"]

1. e4 e6 2. d4 d5 3. Nd2 c5 4. Ngf3 cxd4 5. exd5 Qxd5 6. Bc4 Qd6 7. O-O Nf6 8.
Nb3 Nc6 9. Nbxd4 Nxd4 10. Nxd4 a6 11. Bb3 Qc7 12. Re1 Bd6 13. Nf5 Bxh2+ 14. Kh1
O-O 15. Nxg7 Rd8 16. Qf3 Kxg7 17. Bh6+ Kg6 18. c3 Nh5 19. Be3 f5 20. g4 Nf6 21.
gxf5+ exf5 22. Qg2+ Ng4 23. f3 b5 24. Bd4 Kg5 25. Be6 Bg3 26. Bxc8 Raxc8 27.
Re2 Rxd4 28. cxd4 Nf6 29. Rg1 Nh5 30. Qf2 Qf4 31. Qe3 Qxe3 32. Rxe3 Kh4 33. Re7
h6 34. Re2 Bf4 0-1

[Event "SCCA Ch 2001-2"]
[Site "?"]
[Date "2001.??.??"]
[Round "?"]
[White "Beecham, C Richard"]
[Black "May, Mark A"]
[Result "1-0"]
[WhiteElo "2115"]
[BlackElo "2160"]
[PlyCount "59"]
[EventDate "2001.??.??"]

1. d4 Nf6 2. c4 e6 3. Nc3 d5 4. Nf3 Be7 5. Bg5 O-O 6. e3 Nbd7 7. Rc1 c6 8. Bd3
dxc4 9. Bxc4 Nd5 10. Bxe7 Qxe7 11. O-O Nxc3 12. Rxc3 e5 13. dxe5 Nxe5 14. Nxe5
Qxe5 15. f4 Qe4 16. Qe2 Bf5 17. Bd3 Qe6 18. e4 Bg4 19. Qf2 Qh6 20. f5 Bh5 21.
Qh4 Rfd8 22. Bc4 Rd2 23. g4 Bxg4 24. Qxh6 gxh6 25. Rg3 h5 26. h3 Rd4 27. Bd3
Kh8 28. hxg4 hxg4 29. f6 Rg8 30. Rf5 1-0

[Event "SCCA Ch 2001-2"]
[Site "?"]
[Date "2001.??.??"]
[Round "?"]
[White "Reeman, Ian F"]
[Black "Beecham, C Richard"]
[Result "0-1"]
[WhiteElo "2204"]
[BlackElo "2115"]
[PlyCount "82"]
[EventDate "2001.??.??"]

1. e4 e6 2. d4 d5 3. Nc3 Bb4 4. e5 c5 5. Qg4 Ne7 6. Nf3 cxd4 7. Nxd4 Ng6 8. Bd2
O-O 9. f4 f6 10. Bd3 fxe5 11. fxe5 Nxe5 12. Bxh7+ Kxh7 13. Qh5+ Kg8 14. Qxe5
Nc6 15. Nxc6 bxc6 16. O-O-O Bd6 17. Qe2 Rb8 18. Rdf1 e5 19. Rxf8+ Qxf8 20. Rf1
Qe8 21. h4 Qe6 22. Qh5 Bd7 23. Bg5 c5 24. b3 Bc6 25. Qf3 e4 26. Qf5 Qxf5 27.
Rxf5 e3 28. Ne2 d4 29. Bf4 Rf8 30. Rxf8+ Bxf8 31. g3 Bf3 32. Kd1 Kf7 33. Ke1
Ke6 34. Bb8 a6 35. Nf4+ Kf5 36. Nd3 Be7 37. Be5 Bd8 38. Bxg7 Ba5+ 39. b4 cxb4
40. Kf1 Ke4 41. Nc5+ Kd5 0-1

[Event "SCCA Ch 2001-2"]
[Site "?"]
[Date "2001.??.??"]
[Round "?"]
[White "Brown, Alan C"]
[Black "Beecham, C Richard"]
[Result "0-1"]
[WhiteElo "2271"]
[BlackElo "2115"]
[PlyCount "78"]
[EventDate "2001.??.??"]

1. e4 e6 2. d4 d5 3. Nc3 Bb4 4. e5 c5 5. Bd2 Ne7 6. Nb5 Bxd2+ 7. Qxd2 O-O 8.
dxc5 Nd7 9. f4 Nxc5 10. O-O-O Qb6 11. Nd4 Bd7 12. Ngf3 Na4 13. Nb3 Rac8 14. Bd3
Nc5 15. Nxc5 Rxc5 16. Qe1 Ba4 17. b3 Bb5 18. Bxh7+ Kxh7 19. Qh4+ Kg8 20. Qxe7
Be2 21. Rd2 Qb4 22. Kb1 Bxf3 23. gxf3 Qxd2 24. Qxc5 Qxf4 25. Qxa7 Qxe5 26. Qxb7
Qe3 27. Qc7 Qxf3 28. Rg1 Qf6 29. Re1 Re8 30. a4 e5 31. Qd7 Rd8 32. Qc7 e4 33.
h3 Kh7 34. Qc5 Qe5 35. Qa5 f5 36. b4 Rd7 37. Rd1 e3 38. Re1 f4 39. b5 Rc7 0-1

[Event "SCCA Ch 2001-2"]
[Site "?"]
[Date "2001.??.??"]
[Round "?"]
[White "Beecham, C Richard"]
[Black "Kilgour, David A"]
[Result "1-0"]
[WhiteElo "2115"]
[BlackElo "2509"]
[PlyCount "60"]
[EventDate "2001.??.??"]

1. d4 Nf6 2. Bg5 d5 3. Bxf6 gxf6 4. c4 dxc4 5. e4 Rg8 6. Nc3 c6 7. g3 b5 8. a4
b4 9. Na2 e5 10. Bxc4 exd4 11. Ne2 Bc5 12. Nac1 Nd7 13. f4 Qe7 14. Qc2 Bb7 15.
Nb3 O-O-O 16. Bd3 Kb8 17. Rc1 Bd6 18. Nexd4 c5 19. Nf5 Qe6 20. O-O Bc7 21. a5
a6 22. Kf2 Rc8 23. Rfe1 Rgd8 24. Bc4 Qe8 25. Qe2 Ka7 26. Qh5 Qf8 27. Qxh7 Qh8
28. Qxh8 Rxh8 29. h4 Bb8 30. Bxf7 Rh7 1-0

[Event "SCCA Ch 2001-2"]
[Site "?"]
[Date "2001.??.??"]
[Round "?"]
[White "Beecham, C Richard"]
[Black "Jessing, Michael"]
[Result "1-0"]
[WhiteElo "2115"]
[BlackElo "2035"]
[PlyCount "77"]
[EventDate "2001.??.??"]

1. d4 Nf6 2. c4 e6 3. Nf3 b6 4. g3 Ba6 5. b3 Bb4+ 6. Bd2 Be7 7. Nc3 c6 8. e4 d5
9. e5 Ne4 10. Bd3 Nxd2 11. Qxd2 Bb7 12. O-O Na6 13. Rfd1 Nc7 14. a3 Qd7 15. Qe2
h5 16. h4 O-O-O 17. Qe3 Rdg8 18. c5 b5 19. Ng5 Bxg5 20. Qxg5 Qd8 21. Qxd8+ Kxd8
22. a4 a6 23. Ne2 g5 24. hxg5 Rxg5 25. Kg2 h4 26. Rh1 Rgg8 27. Kf3 hxg3 28.
fxg3 Ne8 29. Rh4 Rf8 30. Rah1 Rhg8 31. Nf4 Bc8 32. a5 Bd7 33. g4 Bc8 34. Kg3
Rg7 35. Rh6 Bd7 36. Nh5 Rgg8 37. Kf4 Bc8 38. b4 Bd7 39. g5 1-0

[Event "SCCA Ch 2001-2"]
[Site "?"]
[Date "2001.??.??"]
[Round "?"]
[White "Kilgour, David A"]
[Black "Mackintosh, Iain"]
[Result "1-0"]
[WhiteElo "2505"]
[BlackElo "2300"]
[PlyCount "89"]
[EventDate "2001.??.??"]

1. d4 Nf6 2. Nf3 d5 3. Bf4 c5 4. e3 e6 5. Nbd2 Nc6 6. c3 Bd6 7. Bxd6 Qxd6 8.
Bb5 O-O 9. O-O b6 10. Bxc6 Qxc6 11. Ne5 Qc7 12. f4 Ba6 13. Rf3 Ne4 14. Nxe4
dxe4 15. Rh3 f6 16. Qh5 fxe5 17. Qxh7+ Kf7 18. Rg3 Rg8 19. Qg6+ Ke7 20. Qxg7+
Rxg7 21. Rxg7+ Kd8 22. Rxc7 Kxc7 23. fxe5 Kc6 24. b3 Rc8 25. Rd1 Bd3 26. Rd2
Kd5 27. g4 a5 28. g5 c4 29. h4 cxb3 30. axb3 Rxc3 31. g6 Rc1+ 32. Kh2 Rc8 33.
Kg3 Bb5 34. h5 Rg8 35. Rc2 a4 36. bxa4 Bxa4 37. Rc7 Be8 38. Rc8 Rxg6+ 39. hxg6
Bxg6 40. Kf2 Bf5 41. Ke1 Bh3 42. Kd2 Bf1 43. Kc3 Bh3 44. Kb4 Bf1 45. Rd8+ 1-0

[Event "SCCA Ch 2001-2"]
[Site "?"]
[Date "2001.??.??"]
[Round "?"]
[White "May, Mark A"]
[Black "Jessing, Michael"]
[Result "1/2-1/2"]
[WhiteElo "2160"]
[BlackElo "2035"]
[PlyCount "54"]
[EventDate "2001.??.??"]

1. e4 c5 2. Nf3 d6 3. d4 cxd4 4. Nxd4 Nf6 5. Nc3 e6 6. g4 h6 7. Rg1 Be7 8. Be3
Nc6 9. Be2 a6 10. Qd2 Nxd4 11. Qxd4 e5 12. Qd3 Be6 13. O-O-O Rc8 14. Nd5 Bxd5
15. exd5 Nd7 16. Kb1 Bg5 17. Qf5 Qf6 18. Qe4 Nc5 19. Bxc5 Rxc5 20. Bd3 Qf4 21.
Qxf4 Bxf4 22. h4 g6 23. c4 O-O 24. b3 a5 25. Kb2 b6 26. a3 Ra8 27. Rge1 Rc7
1/2-1/2

[Event "SCCA Ch 2001-2"]
[Site "?"]
[Date "2001.??.??"]
[Round "?"]
[White "Jessing, Michael"]
[Black "Reeman, Ian F"]
[Result "1/2-1/2"]
[WhiteElo "2035"]
[BlackElo "2204"]
[PlyCount "75"]
[EventDate "2001.??.??"]

1. d4 Nf6 2. c4 e6 3. g3 d5 4. Bg2 Bb4+ 5. Bd2 Be7 6. Nf3 O-O 7. O-O c5 8. cxd5
exd5 9. dxc5 Bxc5 10. Qc2 Na6 11. Bc3 Ne4 12. e3 Nb4 13. Bxb4 Bxb4 14. Nd4 Re8
15. a3 Ba5 16. Nc3 Bxc3 17. bxc3 b6 18. Rfd1 Bb7 19. Bxe4 Rxe4 20. Qa4 Qc8 21.
Rac1 Qh3 22. Rd2 h5 23. Re1 h4 24. f3 Re7 25. g4 Rae8 26. Rde2 Bc8 27. Qb5 Re5
28. Qd3 Bd7 29. e4 Bxg4 30. exd5 f6 31. d6 Bd7 32. Rxe5 fxe5 33. Qg6 Rc8 34.
Re2 Rf8 35. Rxe5 Rxf3 36. Nxf3 Qxf3 37. Qh5 Qxc3 38. Re8+ 1/2-1/2

[Event "SCCA Ch 2001-2"]
[Site "?"]
[Date "2001.??.??"]
[Round "?"]
[White "Reeman, Ian F"]
[Black "Brown, Alan C"]
[Result "0-1"]
[WhiteElo "2204"]
[BlackElo "2271"]
[PlyCount "90"]
[EventDate "2001.??.??"]

1. e4 c6 2. d4 d5 3. Nc3 dxe4 4. Nxe4 Nd7 5. Nf3 Ngf6 6. Ng3 e6 7. Bd3 Bd6 8.
O-O O-O 9. c4 e5 10. c5 Bb8 11. Be3 exd4 12. Bxd4 b6 13. Ne4 Nd5 14. Re1 f5 15.
Nc3 bxc5 16. Bc4 Bb7 17. Be3 N7b6 18. Qd3 Bd6 19. Bg5 Qd7 20. Bb3 Rae8 21. Rad1
Kh8 22. h3 h6 23. Bc1 Rxe1+ 24. Rxe1 Nb4 25. Qd2 c4 26. Bc2 Rd8 27. Kf1 Ba6 28.
Qe2 Nd3 29. Nh4 Qf7 30. Rd1 Nd5 31. Qf3 Rf8 32. Nxd5 cxd5 33. Kg1 Kh7 34. g3
Be7 35. Bxd3 cxd3 36. Ng2 d4 37. b3 Bb4 38. Nf4 Re8 39. Qc6 Bb7 40. Qb5 Bc3 41.
Kh2 g5 42. Nxd3 Re2 43. a3 Qd5 44. Qxd5 Bxd5 45. Rf1 Bxb3 0-1

[Event "SCCA Ch 2001-2"]
[Site "?"]
[Date "2001.??.??"]
[Round "?"]
[White "Mackintosh, Iain"]
[Black "Brown, Alan C"]
[Result "0-1"]
[WhiteElo "2304"]
[BlackElo "2271"]
[PlyCount "86"]
[EventDate "2001.??.??"]

1. e4 c6 2. c4 e5 3. Nc3 Bc5 4. Nf3 d6 5. Be2 Bg4 6. d4 Bxf3 7. dxc5 Bxe2 8.
Qxe2 dxc5 9. O-O Nd7 10. Qg4 Qf6 11. Rd1 O-O-O 12. Be3 h5 13. Qh3 Qe7 14. a4 g5
15. Qf3 g4 16. Qe2 Ngf6 17. Bg5 Rhg8 18. Qe3 Qe6 19. b3 g3 20. hxg3 Ng4 21. Qc1
Rde8 22. Bh4 f5 23. Ra2 f4 24. gxf4 exf4 25. Qxf4 Nge5 26. Bg3 Rg4 27. Qe3 Reg8
28. Kf1 h4 29. Bxe5 Nxe5 30. Qh3 Kc7 31. Rad2 Qf6 32. Qe3 b6 33. Rd6 Qf7 34.
Qh6 Rxg2 35. Qf6 Qxf6 36. Rxf6 h3 37. Ke2 h2 38. Rh1 R8g3 39. Nd1 Rxb3 40. Rh6
Ng4 41. Rh7+ Kd6 42. Rg7 Ke5 43. Rg8 Rb1 0-1

[Event "SCCA Ch 2001-2"]
[Site "?"]
[Date "2001.??.??"]
[Round "?"]
[White "Reeman, Ian F"]
[Black "Mackintosh, Iain"]
[Result "1-0"]
[WhiteElo "2204"]
[BlackElo "2304"]
[PlyCount "89"]
[EventDate "2001.??.??"]

1. e4 e5 2. f4 exf4 3. Bc4 Nf6 4. Nc3 Bb4 5. Nf3 d6 6. O-O O-O 7. d3 Bxc3 8.
bxc3 d5 9. exd5 Nxd5 10. Kh1 Be6 11. Bxd5 Bxd5 12. Bxf4 b6 13. c4 Bb7 14. Qe1
Nc6 15. Qg3 Rc8 16. Nh4 Ne7 17. Bg5 Kh8 18. Bxe7 Qxe7 19. Rae1 Qc5 20. Nf5 g6
21. d4 Qxc4 22. Ne7 f6 23. Qh3 Qf7 24. Nxc8 Rxc8 25. Qe6 Kg7 26. Rf2 Qxe6 27.
Rxe6 Rf8 28. c4 Rf7 29. Kg1 Ba6 30. Rc2 Bc8 31. Re3 h5 32. c5 Bf5 33. Rc1 h4
34. cxb6 cxb6 35. Rce1 Rd7 36. Re7+ Kf8 37. Rxd7 Bxd7 38. d5 Kf7 39. Kf2 b5 40.
d6 Be6 41. a3 f5 42. Ke3 Kf6 43. Kd4 f4 44. h3 g5 45. Kc5 1-0

[Event "SCCA Ch 2001-2"]
[Site "?"]
[Date "2001.??.??"]
[Round "?"]
[White "May, Mark A"]
[Black "Reeman, Ian F"]
[Result "1/2-1/2"]
[WhiteElo "2160"]
[BlackElo "2204"]
[PlyCount "75"]
[EventDate "2001.??.??"]

1. e4 e5 2. Nf3 Nc6 3. Nc3 Nf6 4. d4 exd4 5. Nxd4 Bb4 6. Nxc6 bxc6 7. Bd3 d5 8.
exd5 cxd5 9. O-O O-O 10. Bg5 c6 11. Na4 Qd6 12. c3 Ba5 13. Re1 Bc7 14. g3 h6
15. Be3 Bg4 16. f3 Bh3 17. Qd2 Rfe8 18. Bf4 Rxe1+ 19. Rxe1 Qd8 20. Bxc7 Qxc7
21. Qe3 Be6 22. Nc5 Re8 23. b4 Nd7 24. f4 Nf6 25. f5 Bd7 26. Qf2 Rxe1+ 27. Qxe1
Bc8 28. Qe3 Kf8 29. h3 Nd7 30. Kh2 Ne5 31. f6 g5 32. Kg2 Qd6 33. Ba6 Bf5 34. g4
Be4+ 35. Nxe4 dxe4 36. Qxe4 Qd2+ 37. Be2 Ng6 38. c4 1/2-1/2

[Event "SCCA Ch 2001-2"]
[Site "?"]
[Date "2001.??.??"]
[Round "?"]
[White "Brown, Alan C"]
[Black "Jessing, Michael"]
[Result "1-0"]
[WhiteElo "2271"]
[BlackElo "2035"]
[PlyCount "83"]
[EventDate "2001.??.??"]

1. d4 Nf6 2. c4 e6 3. g3 d5 4. Bg2 Be7 5. Nf3 O-O 6. Qc2 dxc4 7. Qxc4 a6 8. Bf4
Nd5 9. Bd2 b5 10. Qc2 Bb7 11. O-O Nd7 12. Ba5 Bb4 13. Bxb4 Nxb4 14. Qd2 Qe7 15.
Rc1 Rac8 16. a4 bxa4 17. Rxa4 Nd5 18. Nc3 N5b6 19. Raa1 c5 20. e3 Rfd8 21. Qe2
cxd4 22. Nxd4 Bxg2 23. Kxg2 e5 24. Nf5 Qf6 25. e4 Nc5 26. Rd1 g6 27. Rxd8+ Rxd8
28. Ne3 Rd6 29. b4 Nd3 30. Ned5 Nxd5 31. Nxd5 Rxd5 32. exd5 Nxb4 33. Qc4 Qd6
34. Ra5 Qb6 35. Rc5 a5 36. Rb5 Qa7 37. d6 Qd7 38. Rxb4 axb4 39. Qc7 Qb5 40. d7
Qd5+ 41. Kh3 Qe6+ 42. g4 1-0

[Event "SCCA Ch 2001-2"]
[Site "?"]
[Date "2001.??.??"]
[Round "?"]
[White "Mackintosh, Iain"]
[Black "Jessing, Michael"]
[Result "1/2-1/2"]
[WhiteElo "2304"]
[BlackElo "2035"]
[PlyCount "86"]
[EventDate "2001.??.??"]

1. e4 c5 2. Nf3 d6 3. d4 cxd4 4. Nxd4 Nf6 5. Nc3 e6 6. Be2 Be7 7. O-O O-O 8.
Be3 Nc6 9. f4 e5 10. Nb3 exf4 11. Rxf4 Nd7 12. Rf1 Nde5 13. Kh1 Be6 14. Nd4
Nxd4 15. Bxd4 Bg5 16. Nd5 f5 17. c4 fxe4 18. Rxf8+ Kxf8 19. Qc2 Bxd5 20. cxd5
Nd3 21. Bxd3 exd3 22. Rf1+ Kg8 23. Qxd3 Qe7 24. Qg3 Qe2 25. Ra1 Qd2 26. Qg4 Re8
27. Qd7 Re7 28. Qd8+ Kf7 29. Rf1+ Bf6 30. Bxf6 gxf6 31. Qxd6 Qxb2 32. Qf4 Qe5
33. Qf3 Rd7 34. Rd1 Rd6 35. Qh3 h5 36. Qd3 f5 37. Qb3 b6 38. Qa3 a5 39. Qf3 Kg6
40. Qd3 h4 41. h3 Qe4 42. Qd4 Qxd4 43. Rxd4 Kg5 1/2-1/2